| 000 | 01215cam a22003254a 4500 | ||
|---|---|---|---|
| 001 | 14262 | ||
| 003 | BD-JhCC | ||
| 005 | 20250225121346.0 | ||
| 008 | 011115s2003 ohua b 001 0 eng | ||
| 020 | _a0324114524 | ||
| 035 | _a(BD-JhCC)14262 | ||
| 040 |
_aDLC _cDLC _dDLC |
||
| 041 | _aenglish | ||
| 050 | 0 | 0 |
_aHF5718.3 _b.G838 2003 |
| 082 | 0 | 0 |
_a651.7 _221 _bGUF 2003 |
| 100 | 1 | _aGuffey, Mary Ellen. | |
| 245 | 1 | 0 |
_aBusiness communication : _bprocess and product / _cMary Ellen Guffey. |
| 250 | _a4th ed. | ||
| 260 |
_aMason, Ohio : _bThomson/South-Western, _c2003. |
||
| 300 |
_axv,566,A-55 p. : _bcol. ill. ; _c27 cm. + _e1 computer optical disc (4 3/4 in.) |
||
| 504 | _aIncludes bibliographical references and index. | ||
| 650 | 0 | _aBusiness writing. | |
| 650 | 0 |
_aEnglish language _xBusiness English. |
|
| 650 | 0 | _aBusiness communication. | |
| 856 | 4 | 2 |
_3Contributor biographical information _uhttp://www.loc.gov/catdir/enhancements/fy1514/2001057608-b.html |
| 856 | 4 | 2 |
_3Publisher description _uhttp://www.loc.gov/catdir/enhancements/fy1514/2001057608-d.html |
| 856 | 4 | 1 |
_3Table of contents only _uhttp://www.loc.gov/catdir/enhancements/fy1514/2001057608-t.html |
| 942 |
_2ddc _cBK |
||
| 999 |
_c14262 _d14262 |
||